Ribadeo antiguo / (Record no. 89491)

MARC details
000 -LEADER
campo de control de longitud fija 00677nam a2200205 i 4500
001 - NÚMERO DE CONTROL
campo de control 89491
003 - IDENTIFICADOR DE NÚMERO DE CONTROL
campo de control ES-MaACL
005 - FECHA Y HORA DE LA ÚLTIMA TRANSACCIÓN
campo de control 20230906180204.0
007 - CAMPO FIJO DE DESCRIPCIÓN FÍSICA--INFORMACIÓN GENERAL
campo de control de longitud fija t|
008 - DATOS DE LONGITUD FIJA--INFORMACIÓN GENERAL
campo de control de longitud fija 050111s1973 sp ||||1| spa d
100 1# - ENTRADA PRINCIPAL--NOMBRE DE PERSONA
Nombre de persona Lanza Alvarez, Francisco.
9 (RLIN) 70121
245 10 - MENCIÓN DEL TÍTULO
Título Ribadeo antiguo /
Mención de responsabilidad, etc. F. Lanza Alvarez ; prólogo de Antonio Villar Ponte ; ornamentación en boj y dibujos de A. Suárez Couto.
250 ## - MENCION DE EDICION
Mención de edición 1ª ed.
260 ## - PUBLICACIÓN, DISTRIBUCIÓN, ETC.
Lugar de publicación, distribución, etc. Madrid :
Nombre del editor, distribuidor, etc. [s.n.,
Fecha de publicación, distribución, etc. 1973]
300 ## - DESCRIPCIÓN FÍSICA
Extensión XX, 354 p., 11 lám. :
Otras características físicas il. ;
Dimensiones 17 cm.
651 #4 - PUNTO DE ACCESO ADICIONAL DE MATERIA--NOMBRE GEOGRÁFICO
Nombre geográfico Ribadeo-
Subdivisión general Historia.
9 (RLIN) 157650
700 1# - ENTRADA AGREGADA--NOMBRE PERSONAL
Nombre de persona Villar Ponte, Antonio.
9 (RLIN) 115100
700 1# - ENTRADA AGREGADA--NOMBRE PERSONAL
Nombre de persona Suárez Couto, Amando.
9 (RLIN) 148187
852 ## - LOCALIZACIÓN
Ubicación ES-MaACL
Número de control de estantería C-53582
Holdings
Estatus retirado Estado de pérdida Estado de daño No para préstamo Biblioteca de origen Biblioteca actual Ubicación en estantería Fecha de adquisición Fuente de adquisición Total de préstamos Signatura topográfica completa Código de barras Visto por última vez Precio de reemplazo Tipo de ítem Koha
        Biblioteca del Ateneo de Madrid Biblioteca del Ateneo de Madrid Depósito 2 17/01/2008     C-53582 1093462 23/02/2023 23/02/2023 Libro impreso